Observations of sea water: temperature, salinity, and density on the Pacific coast of Canada

שמור ב:
מידע ביבליוגרפי
מחבר תאגידי: Fisheries Research Board of Canada. Pacific Oceanographic Research Group (Author)
פורמט: ספר
שפה:אנגלית
יצא לאור: Nanaimo Fisheries Research Board of Canada 1947
נושאים:
תגים: הוספת תג
אין תגיות, היה/י הראשונ/ה לתייג את הרשומה!

MARC

LEADER 00000nam a2200000 a 4500
001 UCV5401
003 CL-VaPUC
008 930607e19470000CN |||||||||||||||||eng|d
082 0 4 |a 551.4601  |b FIS  |2 21 
110 2 |a Fisheries Research Board of Canada. Pacific Oceanographic Research Group  |e author  |9 299735 
245 1 0 |a Observations of sea water: temperature, salinity, and density on the Pacific coast of Canada 
300 |a v 
942 |c BK 
945 |d 19930607 00:00:00 
260 |a Nanaimo  |b Fisheries Research Board of Canada  |c 1947 
650 0 |a Aguas marinas  |9 261166 
650 0 |a Análisis del agua   |9 262189 
583 |a last modification  |c 20180523 10:29:01  |k Rodrigo Vera 
999 |c 211944  |d 211942